إدارة المستشفيات والرعاية الصحية والطبية (رقم التسجيلة. 20772)

تفاصيل مارك
000 -الفاتح
حقل البيانات ثابتة الطول 00780nam a22002417a 4500
003 - محدد رقم الضبط
رقم الضبط OSt
005 - وقت وتاريخ اخر تعامل مع التسجيلة
رقم الضبط 20150408114008.0
008 - عناصر البيانات ثابتة الطول - معلومات عامة
حقل البيانات ثابتة الطول 110607t xxu||||| |||| 00| 0 eng d
020 ## - الرقم الدولى المعيارى للكتب
الرقم الدولى المعيارى للكتاب 9789957223540
040 ## - مصدر الفهرسة
وكالة الفهرسة الأصلية mb
وكالة النسخ mb
وكالة التعديل mb
082 ## - رقم تصنيف ديوى العشرى
رقم الطبعة 21
رقم التصنيف 658.403
100 ## - المدخل الرئيسى - إسم شخصى
الإسم الشخصى الصالح ، وليد يوسف
9 (RLIN) 87
245 ## - بيان العنوان
العنوان إدارة المستشفيات والرعاية الصحية والطبية
250 ## - بيان الطبعة
بيان الطبعة ط.1.
260 ## - PUBLICATION, DISTRIBUTION, ETC. (IMPRINT)
مكان الناشر او الموزع عمان
اسم الناشر او الموزع دار اسامة للنشر والتوزيع
تاريخ النشر أو التوزيع 2011
300 ## - الوصف المادى
التعداد 240 ص
أبعاد الوعاء 24 سم
650 ## - المدخل الاضافى بالموضوع-مصطلح موضوعى
مصطلح موضوعي أو اسم جغرافي كعنصر مدخل ادارة اعمال
9 (RLIN) 88
650 ## - المدخل الاضافى بالموضوع-مصطلح موضوعى
مصطلح موضوعي أو اسم جغرافي كعنصر مدخل الادارة
9 (RLIN) 89
650 ## - المدخل الاضافى بالموضوع-مصطلح موضوعى
مصطلح موضوعي أو اسم جغرافي كعنصر مدخل القيادة الادارية
9 (RLIN) 90
التقسيم الفرعي العام ادارة
650 ## - المدخل الاضافى بالموضوع-مصطلح موضوعى
مصطلح موضوعي أو اسم جغرافي كعنصر مدخل التخطيط الاداري
9 (RLIN) 2808
650 ## - المدخل الاضافى بالموضوع-مصطلح موضوعى
مصطلح موضوعي أو اسم جغرافي كعنصر مدخل المستشفيات
9 (RLIN) 9641
942 ## - عناصر المدخل الإضافي( كوها)
مصدر التصنيف او مخطط الترفيف Dewey Decimal Classification
Koha [default] item type كتاب
المقتنيات
حالة الفقد نموذج السعر الفعال حالة تلف ليس للاعارة رقم الطلب تاريخ الاكتساب الموقع الحالي الباركود الفرع الرئيسي Date last seen نوع المادة فى نظام كوها مصدر التصنيف او خطة الترفيف Total Checkouts
  2017-02-26     658.403 2017-02-26 المكتبة المركزية بالمجمعة (CL) 00705907 المكتبة المركزية بالمجمعة (CL) 2017-02-26 كتاب Dewey Decimal Classification  
  2017-02-26     658.403 2017-02-26 المكتبة المركزية بالمجمعة (CL) 00705908 المكتبة المركزية بالمجمعة (CL) 2017-02-26 كتاب Dewey Decimal Classification  
  2017-02-26     658.403 2017-02-26 المكتبة المركزية بالمجمعة (CL) 00705909 المكتبة المركزية بالمجمعة (CL) 2017-02-26 كتاب Dewey Decimal Classification  
  2013-03-10     658.403 ص و ا 2012-02-25 مكتبة كلية العلوم و الدراسات الإنسانية برماح - طلاب (SRM) 00075307 مكتبة كلية العلوم و الدراسات الإنسانية برماح - طلاب (SRM) 2013-03-10 كتاب Dewey Decimal Classification  
  2013-03-10     658.403 ص و ا 2012-02-25 مكتبة كلية العلوم و الدراسات الإنسانية برماح - طلاب (SRM) 00075306 مكتبة كلية العلوم و الدراسات الإنسانية برماح - طلاب (SRM) 2013-03-10 كتاب Dewey Decimal Classification